000 00948nam a22003017a 4500
001 BR9101950
003 BR-BrBNA
005 20230928093552.0
007 ta
008 230509b bl.||||| |||| 00| 0 por d
040 _aBR-BrBNA
_bpor
_cBiblioteca Nacional de Agricultura
041 _a(Por)
072 _aF04
_b3840
_b/G534
090 _ 3840 BR9101950
100 1 _aYacoel, D.A.M.
110 1 _aEscola Superior de Agricultura Luiz de Queiroz, Piracicaba, SP (Brasil)
_0Tese (Doutorado)
245 1 _aDinamica do fosforo em um molissol do Uruguai sob tres sistemas agricolas e a longo prazo (1964-1989)
260 3 _aPiracicaba, SP (Brasil):
_c1990.
300 _a195 p.
500 _aBibliography p. 154-169 (123 ref.); Summaries (Eng, Por); 47 graphs
650 _aSOLO
650 _aFOSFORO
650 _aADUBACAO
650 _aROTACAO DE CULTURA
650 _aURUGUAI
909 _a202309
_bLucia
_c55
_dLucia Elande
942 _cBK
999 _c45754
_d45754